AKP dönemi: 2003-2016 temel ekonomik göstergeler (Record no. 2361)

MARC details
000 -BAŞLIK
Sabit Uzunlukta Kontrol Alanı 00594na a2200217 4500
001 - KONTROL NUMARASI
Denetim Alanı 23253
003 - KONTROL NUMARASI IDENTIFIER
Denetim Alanı MIRAKIL
005 - SON İŞLEM TARİHİ VE ZAMANI
Denetim Alanı 20181213154854.0
008 - SABİT-BOY VERİ ELEMANLARI - GENEL BİLGİLER
Sabit Uzunlukta Kontrol Alanı 170818b tu 000 0
040 ## - KATALOGLAMA KAYNAK
Orijinal Kataloglama Ajansı Milas
Kataloglama Dili tur
Metne Dönüştürmek Ajansı TR-AnCHP
041 ## - DİL KODU
Metin / Ses Parça Veya Ayrı Başlığın Dil Kodu tur
100 ## - ANA GİRİŞ - KİŞİSEL İSİM
Kişisel Ad Kesici, İlhan
245 ## - BAŞLIK TABLOSU
Başlık AKP dönemi: 2003-2016 temel ekonomik göstergeler
Başlığın Kalan Nereden nereye?
Sorumluluk Tablosu, Vb İlhan Kesici
246 ## - UNVAN FORM VARYING
Başlık Doğru / Kısa Başlığı Nereden nereye?
260 ## - YAYIN, DAĞITIM, VB
Yayın, Dağıtım, Vb Yeri [y.y.]
Yayıncı, Dağıtıcı, Vs Adı [yayl.y.]
Yayın, Dağıtım, Vb Tarihi 2016
300 ## - FİZİKSEL TANIM
Kapsam 22
Diğer Fiziksel Ayrıntıları tbl.; grf.
Boyutlar 15 sm.
500 ## - GENEL NOT
Genel Not GEÇİCİ KATALOG KAYDIDIR.
740 ## - KATMA GİRİŞ - KONTROLSUZ İLGİLİ / ANALİTİK BAŞLIK
Kontrol Edilmeyen / İlgili Analitik Başlıktaki Nereden nereye?
942 ## - EKLENDİ GİRİŞ ELEMANLARI (KOHA)
Sınıflandırma Veya Raf Düzeni Kaynak Dewey Decimal Classification
Koha Öğesi Türü Books
999 ## - SİSTEM KONTROL NUMARALARI (KOHA)
Koha Biblionumber 2361
Koha Biblioitemnumber 2361
Holdings
Kalıcı Konum Mevcut Konum Edinme Tarihi Edinim Kaynak Toplam Check-Out'Lar Barkod Tarih Son Görülme İtibaren Geçerli Fiyatlar Koha Öğesi Türü
CHP Kütüphanesi CHP Kütüphanesi 08/18/2017 Bağış   017238 08/18/2017 08/18/2017 Books